| 000 | 00999nam a2200289 4500 | ||
|---|---|---|---|
| 003 | OSt | ||
| 005 | 20180825093228.0 | ||
| 008 | 180825b xxu||||| |||| 00| 0 spa d | ||
| 020 | _a9505082614 | ||
| 040 | _cPJ | ||
| 100 |
_91587 _aGiraldi, Pedro Mario |
||
| 245 | 1 | 0 |
_aLey de cheque : _bcomentada y anota / _cPedro Mario Giraldi. |
| 260 |
_aBuenos Aires : _bDepalma, _c1988. |
||
| 300 |
_axv, 336 p. _c23 cm. |
||
| 500 | _aNotas y citas a pie de página. | ||
| 504 | _aBibliografía: p. 333-336. | ||
| 505 | _aContenido: Decreto 4776/63 con las modificaciones introducidas por la ley 23.549. | ||
| 650 | 0 |
_91602 _aDERECHO COMERCIAL |
|
| 650 | 0 |
_91831 _aTITULOS DE CRÉDITO |
|
| 650 | 0 |
_91832 _aCHEQUE |
|
| 650 | 0 |
_91835 _aLEY DE CHEQUES |
|
| 653 | _aDECRETO LEY 4776/63 | ||
| 653 | _aLEY 23.549 | ||
| 710 |
_aArgentina. Leyes, decretos, etc. Decreto Ley 4776/63 _91838 |
||
| 710 |
_aArgentina. Leyes, decretos, etc. Ley nº 23.549 _91839 |
||
| 942 |
_2udc _cLIB _h347.748 _iGIR |
||
| 999 |
_c1234 _d1234 |
||